"Legalize Living" Hives Lyrics - Statistics

General Stats
  • This quiz has been taken 5 times
  • The average score is 97 of 167
Answer Stats
lyrics % Correct
a
100%
and
100%
be
100%
can't
100%
do
100%
I
100%
I'm
100%
in
100%
is
100%
it
100%
it's
100%
legalize
100%
living
100%
me
100%
of
100%
off
100%
see
100%
the
100%
them
100%
they
100%
to
100%
won't
100%
you
100%
you're
100%
anything
50%
behind
50%
blue
50%
but
50%
doing
50%
done
50%
explosions
50%
going
50%
into
50%
know
50%
mean
50%
on
50%
ride
50%
say
50%
scream
50%
sea
50%
sin
50%
stop
50%
sunset
50%
take
50%
tell
50%
their
50%
too
50%
until
50%
vanish
50%
want
50%
what
50%
with
50%
wrong
50%
ain't
0%
all
0%
along
0%
are
0%
closing
0%
despise
0%
doubt
0%
faces
0%
follow
0%
getting
0%
gonna
0%
law
0%
layers
0%
leash
0%
lies
0%
listening
0%
part
0%
putting
0%
rules
0%
saying
0%
shorter
0%
singing
0%
songs
0%
this
0%
'til
0%
top
0%
upon
0%
walls
0%
yet
0%
No matching quizzes found
Score Distribution
Percent of People with Each Score
Percentile by Number Answered
Your Score History
You have not taken this quiz